000 00534nam a22001697a 4500
999 _c8641
_d8641
008 201209b ||||| |||| 00| 0 eng d
040 _aBMS College of Architecture
100 _aVijaykumar, Parvati
245 _aArchitecture for the hills - hill resort
300 _a54p.
500 _a1BM12AT050
502 _8B,Arch
_NBMS College of Architecture, Visvesvaraya Technological University (VTU)
_aProject report
_d2016
650 _aResort
700 _aArathi K Parigi
_eGuide
700 _aAkhila Ramesh
_eGuide
942 _2ddc
_cTHE